00681nam a2200229Ia 4500003000400000005001700004008004100021020001400062040000700076041000800083082002300091100003300114245002800147250000600175260004400181300001600225365001400241906003000255942001200285999001900297952013500316OSt20230515153451.0210423s2003 xx 000 0 und d a781735149 cAL aeng a616.079223b PAUW aPAUL (William E),Ed.9104391 aFundamental immunology. a5 aPhiladelphiabLippincott Williamsc2003 axx,1701bHB b3995cINR aFundamental ; immunology. 2ddccBK c164393d164393 001040708BIOCaSACPGbSACPGd2010-08-06eAthulya Booksg3995.00l0o616.079 PAUWpPG010891r2022-08-24 00:00:00w2021-04-26yBK